Super Bowl scores - Statistics

General Stats
  • This quiz has been taken 6 times
  • The average score is 32 of 60
Answer Stats
loser Score Winner % Correct
Patriots 29-13 Seahawks
100%
Redskins 14-7 Dolphins
75%
Cowboys 16-13 Colts
75%
Colts 16-7 Jets
75%
Vikings 23-7 Chiefs
75%
Dolphins 24-3 Cowboys
75%
Vikings 24-7 Dolphins
75%
Bengals 26-21 49ers
75%
Eagles 27-10 Raiders
75%
Vikings 32-14 Raiders
75%
Raiders 33-14 Packers
75%
Chiefs 35-10 Packers
75%
Rams 13-3 Patriots
50%
Vikings 16-6 Steelers
50%
Patriots 17-14 Giants
50%
Bengals 20-16 49ers
50%
Rams 20-17 Patriots
50%
Bills 20-19 Giants
50%
Seahawks 21-10 Steelers
50%
Patriots 21-17 Giants
50%
Titans 23-16 Rams
50%
Bengals 23-20 Rams
50%
Panther 24-10 Broncos
50%
Eagles 24-21 Patriots
50%
49ers 25-22 Chiefs
50%
Dolphins 27-17 Redskins
50%
Cardinals 27-23 Steelers
50%
Seahawks 28-24 Patriots
50%
Bears 29-17 Colts
50%
Bills 30-13 Cowboys
50%
Colts 31-17 Sants
50%
Rams 31-19 Steelers
50%
49ers 31-20 Chiefs
50%
Packers 31-24 Broncos
50%
Steelers 31-25 Packers
50%
Chiefs 31-9 Buccaneers
50%
Panthers 32-29 Patriots
50%
Falcons 34-19 Broncos
50%
Falcons 34-28 Patriots
50%
49ers 34-31 Ravens
50%
Giants 34-7 Ravens
50%
Patriots 35-21 Packers
50%
Cowboys 35-31 Steelers
50%
Bills 37-24 Redskins
50%
Dolphins 38-16 49ers
50%
Eagles 38-35 Chiefs
50%
Redskins 38-9 Raiders
50%
Broncos 39-20 Giants
50%
Chiefs 40-22 Eagles
50%
Patriots 41-33 Eagles
50%
Broncos 42-10 Redskins
50%
Broncos 43-8 Seahawks
50%
Patriots 46-10 Bears
50%
Raiders 48-21 Buccaneers
50%
Chargers 49-26 49ers
50%
Bills 52-17 Cowboys
50%
Broncos 55-10 49ers
50%
Cowboys 21-17 Steelers
25%
Broncos 27-10 Cowbiys
25%
Steelers 27-17 Cowboys
0%
No matching quizzes found
Score Distribution
Percent of People with Each Score
Percentile by Number Answered
Your Score History
You have not taken this quiz